Aurtralia's music :themes of a new society (Record no. 33154)

MARC details
000 -LEADER
fixed length control field 00262nam a2200097 4500
082 ## - DEWEY DECIMAL CLASSIFICATION NUMBER
Classification number R780.994
Item number COU
100 ## - MAIN ENTRY--PERSONAL NAME
Personal name Covell, Roger
245 ## - TITLE STATEMENT
Title Aurtralia's music :themes of a new society
Statement of responsibility, etc. Roger Covell
260 ## - PUBLICATION, DISTRIBUTION, ETC.
Place of publication, distribution, etc. Melbourne
Name of publisher, distributor, etc. [s.n.]
Date of publication, distribution, etc. 1976
300 ## - PHYSICAL DESCRIPTION
Extent xii,356p.; 20cm.
Holdings
Withdrawn status Lost status Source of classification or shelving scheme Damaged status Not for loan Collection code Home library Current library Date acquired Total Checkouts Full call number Barcode Date last seen Price effective from Koha item type
    Dewey Decimal Classification   Not For Loan REFERENCE North Eastern Hill University North Eastern Hill University 24/11/2011   R 780.994 COU 53779 24/11/2011 24/11/2011 Reference Book